Culture Générale - Série 1651 - Statistiques

Statistiques générales
  • Ce quiz a été pris 95 fois
  • Le résultat moyen est 6 sur 10
Statistiques - réponses
Question Réponse % Correct
Quelle partie du castor est plate et couverte d'écailles ? queue
93%
Quel type de mammifère est le gibbon ? singe
93%
Quel scientifique énonça le premier les lois de la gravitation en 1687 ? Isaac Newton
79%
Quel anglicisme, signifiant littéralement "sec", désigne un cocktail de gin et de vermouth ? dry
76%
En mars 2009, quelle reine de la nuit a sorti, à 79 ans, une compilation de duos ? Régine
60%
Au cinéma, quel mot composé d'origine anglaise désigne un plan ou une séquence antérieure à l'action ? flash-back
58%
Quel modèle, reine du disco et présentatrice télé, a été la muse de Salvador Dali ? Amanda Lear
52%
Dans quel canton est située la ville suisse de Lausanne ? Vaud
42%
Sur un bâton de ski, quel mot désigne la courroie de sécurité où l'on passe le poignet ? dragonne
40%
Quelle rivière rejoint la Seine à Conflans-Sainte-Honorine, dans les Yvelines ? Oise
33%
Aucun quiz correspondant
Distribution des résultats
% des personnes avec chaque résultat
Percentile par nombre de réponses
Votre historique - résultats
Vous n’avez pas pris ce quiz